Miasta w województwie Pomorskim - Statystyki

Ogólne statystyki
  • Ten quiz został rozwiązany 132 razy
  • Średni wynik to 12 z 17
Statystyki odpowiedzi
Litera Miasto % Poprawnych
G Gdańsk
99%
G Gdynia
97%
S Sopot
86%
S Słupsk
77%
T Tczew
76%
S G Starogard Gdański
74%
M Malbork
72%
W Wejherowo
71%
U Ustka
70%
P G Pruszcz Gdański
67%
R Rumia
67%
L Lębork
59%
C Chojnice
58%
R Reda
53%
K Kościerzyna
52%
B Bytów
50%
K Kwidzyn
43%
Nie znaleziono quizów pasujących do podanych kryteriów
Rozkład punktacji
Procent ludzi z każdym wynikiem
Percentyl według liczby udzielonych odpowiedzi
Twoja historia wyników
Nie rozwiązałeś tego quizu